Statistiques concernant Super Mario Odyssey- Pays des Chapeaux

Cliquez ici pour prendre le quiz!

Statistiques générales

  • Ce quiz a été pris 10 fois
  • Le résultat moyen est 2 sur 7

Statistiques - réponses

Aperçu régionalRéponses% Correct
IndustrieChapeaux
67%
TempératureMoyenne de 22°C
44%
PopulationMoyenne
33%
Vaisseaux
22%
HabitantsChapiformes
11%
MonnaieEn forme de chapeaux
11%
TailleRéduite
11%

Distribution des résultats

Percentile par nombre de réponses

% des personnes avec chaque résultat

Votre développement - résultats

Vous n’avez pas pris ce quiz